000 00836nam1a22002651 4500
001 RU\NLR\INFOCOMM5\ROSSICA\1000298760
005 20240725025548.0
035 _a(NLR Aleph) 009904755
090 _a10589110
_c10589110
100 _a20030630d1830 |||y0rusy50 ba
101 1 _ager
_crus
102 _aRU
105 _ay ||||000ay
200 1 _aJurji Miloslawski; oder die Russen im Jahre 1612
_eRoman
_fMich. Zagoskine
_gAus dem Russischen übersetzt von Erhard Göring
210 _aKönigsberg
_d1830
215 _d
700 1 _9z01790
_aZagoskin
_bM.N.
_f1789-1852
_gMichail Nikolajevič
_4070
702 1 _aGöring
_bE.
_gErhard
_4730
790 1 _9z01700
_aZagoskine
_bM.
_gMich.
_4070
801 1 _aRU
_bInfoComm
_c20030630
801 0 _aRU
_bNLR
_gPSBO
852 _aNLR
_j13.8.9.68
942 _cBOOK
980 _aRossica